书目信息 |
| 题名: |
建筑类型与建筑形式
|
|
| 作者: | 斯特德曼 著 ;杨春景 , 马加欣 译 | |
| 分册: | ||
| 出版信息: | 北京 电子工业出版社 2017.4 |
|
| 页数: | 11,413页 | |
| 开本: | 29cm | |
| 丛书名: | ||
| 单 册: | ||
| 中图分类: | TU-80 | |
| 科图分类: | ||
| 主题词: | 建筑艺术--类型学 , 建筑形式 | |
| 电子资源: | ||
| ISBN: | 978-7-121-31129-1 | |
| 000 | 01122nam0 2200277 450 | |
| 001 | 0400005378 | |
| 005 | 20171113090100.51 | |
| 010 | @a978-7-121-31129-1@dCNY128.00 | |
| 100 | @a20170802d2017 em y0chiy50 ea | |
| 101 | 1 | @achi@ceng |
| 102 | @aCN@b110000 | |
| 105 | @aa z 000yy | |
| 106 | @ar | |
| 200 | 1 | @a建筑类型与建筑形式@Ajian zhu lei xing yu jian zhu xing shi@dBuilding types and built forms@f(英)菲利普·斯特德曼著@g杨春景,马加欣译@zeng |
| 210 | @a北京@c电子工业出版社@d2017.4 | |
| 215 | @a11,413页@c图@d29cm | |
| 330 | @a本书由两部分组合而成:第一部分是建筑类型史,第二部分则是关于这些建筑类型的造型。建筑类型史包括几种常见的建筑:住房、医院、学校、办公室和监狱。第二部分主要讨论建筑中的功能基因(室内采光和通风、各房间的通道等)如何制约建筑的形式。 | |
| 510 | 1 | @aBuilding types and built forms@zeng |
| 606 | 0 | @a建筑艺术@x类型学 |
| 606 | 0 | @a建筑形式 |
| 690 | @aTU-80@v5 | |
| 701 | 0 | @c(英)@a斯特德曼@Asi te de man@c(Steadman, Philip)@4著 |
| 702 | 0 | @a杨春景@Ayang chun jing@4译 |
| 702 | 0 | @a马加欣@Ama jia xin@4译 |
| 801 | 0 | @aCN@b上海新华@c20171028 |
| 905 | @b1028333-6@dTU-80@e190@f4 | |
| 建筑类型与建筑形式=Building types and built forms/(英)菲利普·斯特德曼著/杨春景,马加欣译.-北京:电子工业出版社,2017.4 |
| 11,413页:图;29cm |
| ISBN 978-7-121-31129-1:CNY128.00 |
| 本书由两部分组合而成:第一部分是建筑类型史,第二部分则是关于这些建筑类型的造型。建筑类型史包括几种常见的建筑:住房、医院、学校、办公室和监狱。第二部分主要讨论建筑中的功能基因(室内采光和通风、各房间的通道等)如何制约建筑的形式。 |
| ● |
| 相关链接 |
|
|
|
|
正题名:建筑类型与建筑形式
索取号:TU-80/190
 
预约/预借
| 序号 | 登录号 | 条形码 | 馆藏地/架位号 | 状态 | 备注 |
| 1 | 1028333 | 210283334 | 第二样本阅览室/ [索取号:TU-80/190] | 在馆 | |
| 2 | 1028334 | 210283343 | 第三借阅区/ [索取号:TU-80/190] | 在馆 | |
| 3 | 1028335 | 210283352 | 第三借阅区/ [索取号:TU-80/190] | 在馆 | |
| 4 | 1028336 | 210283361 | 密集书库-生命科学系/ [索取号:TU-80/190] | 在馆 |